Kairouan à travers les cartes postales 1895-1940 | القيروان من خلال البطاقات البريدية مشاهد متقطعة 1895- 1940 (notice n° 9267)

détails MARC
000 -Label
leader 01044nam a2200193 4500
099 ## - Informations locales
Type de document Livre
100 ## - Données générales de traitement
a 20251120d u||y0frey5050 ba
101 ## - Langue
langue document arabe
-- français
102 ## - Pays d'édition ou de production
pays d'édition Tunisie
200 ## - Titre
titre propre Kairouan à travers les cartes postales 1895-1940
-- القيروان من خلال البطاقات البريدية مشاهد متقطعة 1895- 1940
type de document Livre
auteur Ibrahim Chabbouh
210 ## - Editeur
lieu de publication Tunis
nom de l'éditeur Alif les éditions de la Méditerranée
date de publication 2009
215 ## - Description
Importance matérielle 156p.
autres carac. couv.coul
format 24x17cm
matériel d'accompagnement [Carte postale Alif les éditions de la Méditerranée]
225 ## - collection
Collection A travers les cartes postales
606 ## - sujets
sujet Le grande Mosquée Oqba
subdiv. sujet Le mausolée Abou Zama Al-Balawi
-- La mosquée d'Ibn Khayroun
-- Les Bassins des aghlabides
-- Barrouta
-- La ville intra-muros et extra-muros
-- Les portes de la ville
-- La grand 'Rue
-- Les Souks
-- La palace la Rahba
-- La Kasbah
-- Les Zaouias
-- Des coutumes et des tradition
-- Les sépultures
koha internal code 24997
700 ## - Auteur
code de fonction Auteur
auteur Chabbouh
prénom Ibrahim
koha internal code 24998
801 ## - source de catalogage
pays TN
agence de catalogage 32BIS
date de la transaction 20251120
règles de catalogage utilisées UNIMARC
830 ## - note
catalogeur Ms
Exemplaires
Propriétaire Dépositaire Localisation Code barre Numéro Inventaire Cote Note Statut
The 32bis Library The 32bis Library Salle de lecture 32BIS 007050 6974 779 CHA Don Chancellerie française Consultable sur place
32 bis, rue Ben Ghedhahem 1000 Tunis - Tunisie www.32bis.org
Contact : mediatheque@32bis.org